| 000 | 01135nam a22002537a 4500 | ||
|---|---|---|---|
| 005 | 20101206113148.0 | ||
| 008 | 101206t xxu||||| |||| 00| 0 hin d | ||
| 010 | _aHIN-91398 | ||
| 020 |
_c125.00 _a9788177112528 |
||
| 035 | _aHN-63744 | ||
| 037 | _bDBAD/PUB | ||
| 040 |
_aDPL _bHN |
||
| 082 | _a821 | ||
| 100 |
_924598 _aभाभड़ा, नवलकिशोर |
||
| 245 |
_aफिर उड़ान भरः _cनवलकिशोर भाभड़ा _bगीत-ग़ज़ल-संग्रह / |
||
| 260 |
_aजयपुर _bसाहित्यागार _c2011 |
||
| 270 |
_bजयपुर _a958, धामाणी मार्केट की गली, चौड़ा रास्ता _msahityagarjpr@yahoo.co.in _k0141- 2310785 |
||
| 300 |
_a79पृ. _c22सेमी (सजिल्द) |
||
| 650 |
_91169 _aहिन्दी कविता |
||
| 700 | _924599 | ||
| 700 | _924924 | ||
| 942 |
_2ddc _cHN _mभाभड़ा _h821 |
||
| 999 |
_c49545 _d49545 |
||